Changes in the amino acid and protein metabolism of rice as a result of diseases

Elmentve itt :
Bibliográfiai részletek
Szerzők: Pálfi Gábor
Zsolt János
Dokumentumtípus: Cikk
Megjelent: 1966
Sorozat:Acta biologica 12 No. 3-4
Kulcsszavak:Természettudomány
Online Access:http://acta.bibl.u-szeged.hu/21653
LEADER 00679nab a2200193 i 4500
001 acta21653
005 20210527090242.0
008 161015s1966 hu o 0|| eng d
022 |a 0563-0592 
040 |a SZTE Egyetemi Kiadványok Repozitórium  |b hun 
041 |a eng 
100 1 |a Pálfi Gábor 
245 1 0 |a Changes in the amino acid and protein metabolism of rice as a result of diseases  |h [elektronikus dokumentum] /  |c  Pálfi Gábor 
260 |c 1966 
300 |a 75-85 
490 0 |a Acta biologica  |v 12 No. 3-4 
695 |a Természettudomány 
700 0 1 |a Zsolt János  |e aut 
856 4 0 |u http://acta.bibl.u-szeged.hu/21653/1/biologica_012_fasc_003_004_075-085.pdf  |z Dokumentum-elérés